| 000 | 00682nam a2200265Ia 4500 | ||
|---|---|---|---|
| 003 | OSt | ||
| 005 | 20221006142622.0 | ||
| 006 | a|||||r|||| 00| 0 | ||
| 007 | ta | ||
| 008 | 221006b |||||||| |||| 00| 0 eng d | ||
| 020 |
_a729000656 _c91.08 |
||
| 024 | _a6,767 | ||
| 037 | _cTextual | ||
| 040 |
_aEASL _cEASL _beng |
||
| 041 |
_2eng _aeng |
||
| 082 | _aY:1.41.A, L8 | ||
| 100 |
_aFITZ GERALD Patrick _9648000 |
||
| 245 | 0 |
_aMaking of the past _b Ancient China |
|
| 260 |
_aOxford _bElsevier _c1978 |
||
| 300 |
_a150p. _ccm. |
||
| 490 | _v CEL | ||
| 650 | _aCEL | ||
| 942 |
_hY:1.41.A, L8 _cTEXL _2CC |
||
| 999 |
_c1074853 _d1074853 |
||